| 000 | 00507nam a2200181Ia 4500 | ||
|---|---|---|---|
| 999 |
_c37071 _d37071 |
||
| 003 | OSt | ||
| 005 | 20210127142018.0 | ||
| 008 | 190216s9999||||xx |||||||||||||| ||und|| | ||
| 020 | _a8189301101 | ||
| 040 | _coclc | ||
| 082 |
_a954 _bSIN/U |
||
| 100 |
_aSingh, Pramod _98453 |
||
| 245 | 0 |
_aUGC NET - SET History / _cPramod Singh |
|
| 260 |
_bDanika Publishing Company, _aNew Delhi: _c2012. |
||
| 300 | _a1008p | ||
| 650 | _aReferences | ||
| 942 |
_cREF _2ddc _h954 _iSIN/U _k954 _mSIN/U |
||